000 00738cab a22002415a 4500
001 L153933
008 110923e20110922xxkd f 000 0 eng d
035 _a(Sirsi) u153933
041 0 _aeng
100 1 _aSandland, Ian
245 0 0 _aCost analysis
_bMiddle and Far East, regional round up
260 _c2011
490 0 _aNew Civil Engineer
_v22 September 2011, 38-39
520 _aOverview of current construction activity across the Middle East, Asia and Oceania.
590 _aKA
651 4 _aMiddle East
651 4 _aAsia
651 4 _aOceania
690 _aMANAGEMENT-BUSINESS MANAGEMENT-FINANCIAL MANAGEMENT
690 _aBUILT ENVIRONMENT-CONSTRUCTION MARKET
710 _aRider Levett Bucknall
_95520
942 _n0
999 _c83421
_d83421